Stone Roses ~ I Wanna Be Adored - Statistics

General Stats
  • This quiz has been taken 199 times
    196 since last reset
  • The average score is 103 of 110
Answer Stats
Answer % Correct
I
100%
adore
98%
be
98%
wanna
98%
adored
95%
Adored
95%
don't
93%
to
93%
me
91%
my
91%
soul
91%
sell
89%
already
86%
have
86%
in
86%
He's
82%
You
68%
gotta
59%
No matching quizzes found
Score Distribution
Percent of People with Each Score
Percentile by Number Answered
Your Score History
You have not taken this quiz since the last reset